[Event "Ibiza-chT 38th"]
[Site "Ibiza"]
[Date "2016.03.19"]
[Round "5.3"]
[White "Planells Cardona, Francisco"]
[Black "Angola Canchimbo, Elmer"]
[Result "0-1"]
[WhiteElo "1644"]
[BlackElo "1573"]
[PlyCount "134"]
[EventDate "2016.03.13"]
[EventType "team-tourn"]
[EventRounds "5"]
[EventCountry "ESP"]
[SourceTitle "EXT 2024"]
[Source "ChessBase"]
[SourceDate "2023.10.10"]
[SourceVersion "1"]
[SourceVersionDate "2023.10.10"]
[SourceQuality "1"]
[WhiteTeam "Casino de Ibiza"]
[BlackTeam "Pena Deportiva Santa Eulalia"]
[WhiteTeamCountry "ESP"]
[BlackTeamCountry "ESP"]

1. Nf3 Nf6 2. d4 d5 3. c4 Bf5 4. e3 e6 5. Qb3 Qc8 6. Nc3 c6 7. cxd5 Nxd5 8. Bd2 Bb4 9. Nxd5 Bxd2+ 10. Nxd2 cxd5 11. Bb5+ Nd7 12. 0-0 0-0 13. Rac1 Qd8 14. Rfe1 Nb6 15. Bd3 Bxd3 16. Qxd3 Rc8 17. b3 Rc7 18. Rc3 Qd6 19. Rec1 Rfc8 20. h3 Nd7 21. Nf3 Nf6 22. Nd2 g6 23. Nf3 Ne4 24. Rxc7 Rxc7 25. Rxc7 Qxc7 26. Qe2 Qc1+ 27. Kh2 Nc3 28. Qd3 Nxa2 29. Qb5 Qc7+ 30. g3 Qc8 31. Kg2 Nc3 32. Qa5 a6 33. Ne5 Ne4 34. Qe1 Qc2 35. b4 Qb2 36. Nd3 Qa2 37. Nc5 Nd6 38. Kf3 b6 39. Nd3 Ne4 40. Kg2 Kg7 41. Ne5 a5 42. bxa5 Qxa5 43. Qe2 b5 44. Nc6 Qa4 45. Qb2 Nd6 46. Qb4 Qxb4 47. Nxb4 Kf8 48. Kf3 Ke8 49. Ke2 Kd7 50. Kd3 Kc7 51. g4 h6 52. f3 Kb6 53. Kc3 Ka5 54. Kb3 g5 55. Nc6+ Kb6 56. Nb4 Nb7 57. e4 dxe4 58. fxe4 Nd6 59. Nd3 Nxe4 60. Ne5 f5 61. gxf5 exf5 62. Nf3 g4 63. hxg4 fxg4 64. Nh4 h5 65. Ng2 Ng5 66. Nh4 Nf3 67. Ng6 h4 0-1

[Event "Eivissa City-chT"]
[Site "Eivissa"]
[Date "2015.03.28"]
[Round "4.2"]
[White "Planells Cardona, Francisco"]
[Black "Bordes Ibanez, Juan Bautista"]
[Result "0-1"]
[WhiteElo "1664"]
[BlackElo "1987"]
[PlyCount "94"]
[EventDate "2015.03.07"]
[EventType "team-tourn"]
[EventRounds "5"]
[EventCountry "ESP"]
[SourceTitle "EXT 2016"]
[Source "ChessBase"]
[SourceDate "2015.10.08"]
[SourceVersion "1"]
[SourceVersionDate "2015.10.08"]
[SourceQuality "1"]
[WhiteTeam "Ibiza Casino"]
[BlackTeam "Yebisah"]
[WhiteTeamCountry "ESP"]
[BlackTeamCountry "ESP"]

1. Nf3 d5 2. d4 Nf6 3. e3 e6 4. c4 c6 5. cxd5 exd5 6. Be2 Bd6 7. Nc3 0-0 8. Qc2 Nbd7 9. 0-0 Re8 10. Bd3 Nf8 11. Re1 Bg4 12. Be2 Qc7 13. g3 Ne4 14. Nxe4 dxe4 15. Nd2 Bxe2 16. Rxe2 Qe7 17. f4 exf3 18. Nxf3 Rad8 19. Bd2 Ne6 20. Rae1 h5 21. Rf2 g6 22. Bc3 Ng5 23. Nxg5 Qxg5 24. Rf3 h4 25. Qg2 Rd7 26. gxh4 Qxh4 27. Rh3 Qe4 28. Qg5 f6 29. Qh6 Qg4+ 30. Kf2 Rg7 31. Qh8+ Kf7 32. Qh6 Re6 33. Rf3 Qh5 34. Rh3 Qxh6 35. Rxh6 c5 36. dxc5 Bxc5 37. Kf3 b5 38. a3 Bb6 39. e4 Bc7 40. h3 Be5 41. Re3 Rc6 42. Rd3 Ke6 43. Rh8 Bxc3 44. bxc3 Rgc7 45. Re8+ Kf7 46. Red8 Rxc3 47. Kg4 R3c4 0-1